[Event "1 division 2002/03"]
[Site "Denmark"]
[Date "2002.11.17"]
[Round "2.2"]
[White "Pilgaard, Kim"]
[Black "Lindfeldt, Jan Magnus"]
[Result "1-0"]
[WhiteElo "2432"]
[BlackElo "2246"]
[PlyCount "87"]
[EventDate "2002.11.03"]
[EventType "team-tourn"]
[EventRounds "7"]
[EventCountry "DEN"]
[WhiteTeam "Bronshoj"]
[BlackTeam "SK 1968"]
[WhiteTeamCountry "DEN"]
[BlackTeamCountry "DEN"]

1. e4 g6 2. d4 Bg7 3. Nc3 d6 4. Be3 a6 5. Qd2 b5 6. h4 h5 7. f3 Nd7 8. Nh3 Nb6
9. Ng5 Nf6 10. Nd1 O-O 11. Nf2 Bb7 12. Be2 e5 13. d5 c6 14. dxc6 Bxc6 15. Bxb6
Qxb6 16. Qxd6 Rfd8 17. Qa3 Bf8 18. Qb3 Be8 19. Nd3 Nd7 20. Qc3 Rac8 21. Qd2 Bc5
22. Nxc5 Nxc5 23. Bd3 Rd4 24. Nh3 Nxd3+ 25. cxd3 b4 26. Nf2 Bb5 27. Rd1 a5 28.
f4 exf4 29. Qxf4 Rc2 30. Rd2 Rc1+ 31. Ke2 Rc6 32. Qe3 Re6 33. Rc1 Kg7 34. Rc8
Qd6 35. Kd1 Re7 36. g4 Re5 37. g5 Bd7 38. Rc4 Rxc4 39. dxc4 Qc7 40. Qf4 Ba4+
41. b3 Bc6 42. Qf6+ Kh7 43. Rd6 Bxe4 44. Qxe5 1-0

[Event "1 division 2002/03"]
[Site "Denmark"]
[Date "2002.11.17"]
[Round "2.3"]
[White "Matthiesen, Martin"]
[Black "Hoi, Carsten"]
[Result "0-1"]
[WhiteElo "2285"]
[BlackElo "2412"]
[PlyCount "80"]
[EventDate "2002.11.03"]
[EventType "team-tourn"]
[EventRounds "7"]
[EventCountry "DEN"]
[WhiteTeam "SK 1968"]
[BlackTeam "Bronshoj"]
[WhiteTeamCountry "DEN"]
[BlackTeamCountry "DEN"]

1. d4 d5 2. c4 e6 3. Nf3 Nf6 4. g3 Bb4+ 5. Bd2 Qe7 6. Bg2 O-O 7. O-O Bxd2 8.
Nbxd2 Nc6 9. Qc2 Rd8 10. Rfd1 Bd7 11. Rac1 Rac8 12. e3 Be8 13. a3 h6 14. b4 a6
15. Nb3 Ne4 16. b5 Nb8 17. bxa6 Nxa6 18. c5 Ba4 19. Ne5 Qe8 20. Bf1 f6 21. Nd3
Ra8 22. Rb1 b6 23. cxb6 cxb6 24. Rdc1 Rdc8 25. Qb2 Bxb3 26. Qxb3 Nd2 27. Qa2
Nxb1 28. Rxb1 Qc6 29. Bh3 Nc7 30. Rc1 Qd6 31. Qb2 Ne8 32. Rb1 Rab8 33. a4 Kf7
34. Nf4 Nc7 35. Rc1 g5 36. Qb1 gxf4 37. Qh7+ Ke8 38. gxf4 f5 39. Qg6+ Kd7 40.
Kh1 Qe7 0-1

[Event "1 division 2002/03"]
[Site "Denmark"]
[Date "2002.11.17"]
[Round "2.4"]
[White "Bromann, Thorbjorn"]
[Black "Bank, Pelle Rodkjaer"]
[Result "1/2-1/2"]
[WhiteElo "2366"]
[BlackElo "2279"]
[PlyCount "81"]
[EventDate "2002.11.03"]
[EventType "team-tourn"]
[EventRounds "7"]
[EventCountry "DEN"]
[WhiteTeam "Bronshoj"]
[BlackTeam "SK 1968"]
[WhiteTeamCountry "DEN"]
[BlackTeamCountry "DEN"]

1. b3 g6 2. Bb2 Nf6 3. e4 d6 4. g3 Bg7 5. Bg2 c5 6. Ne2 Nc6 7. O-O e5 8. Nbc3
O-O 9. f4 Re8 10. Nd5 Bg4 11. Nxf6+ Bxf6 12. h3 Bxe2 13. Qxe2 Nd4 14. Qf2 exf4
15. c3 f3 16. cxd4 fxg2 17. Kxg2 Kg7 18. d3 cxd4 19. Bxd4 Bxd4 20. Qxd4+ Re5
21. Rf2 Qb6 22. Qc4 f5 23. exf5 Rf8 24. f6+ Rxf6 25. Rxf6 Kxf6 26. Rf1+ Rf5 27.
Qh4+ Ke6 28. Qc4+ Kf6 29. Qh4+ Ke6 30. Re1+ Re5 31. Qc4+ Ke7 32. Qh4+ Ke6 33.
Qc4+ Ke7 34. Rxe5+ dxe5 35. Qd5 Qc6 36. Qxc6 bxc6 37. Kf3 Kd6 38. Ke4 c5 39. g4
Ke6 40. a3 a5 41. g5 1/2-1/2

[Event "1 division 2002/03"]
[Site "Denmark"]
[Date "2002.11.17"]
[Round "2.6"]
[White "Carstensen, Jacob"]
[Black "Hansen, Lars"]
[Result "0-1"]
[WhiteElo "2256"]
[BlackElo "2217"]
[PlyCount "50"]
[EventDate "2002.11.03"]
[EventType "team-tourn"]
[EventRounds "7"]
[EventCountry "DEN"]
[WhiteTeam "Bronshoj"]
[BlackTeam "SK 1968"]
[WhiteTeamCountry "DEN"]
[BlackTeamCountry "DEN"]

1. d4 g6 2. c4 Bg7 3. e4 d6 4. Nc3 Nc6 5. Be3 e5 6. dxe5 Nxe5 7. f3 Nf6 8. Nge2
O-O 9. Nd4 Re8 10. Qd2 a6 11. Be2 c6 12. O-O d5 13. cxd5 cxd5 14. Rad1 dxe4 15.
fxe4 Neg4 16. Bf3 Nxe3 17. Qxe3 Qe7 18. Qd3 Ng4 19. Qe2 Bxd4+ 20. Rxd4 Qe5 21.
Bxg4 Qxd4+ 22. Kh1 Bxg4 23. Qxg4 Rad8 24. Nd5 Rxd5 25. exd5 Qxg4 0-1

[Event "1 division 2002/03"]
[Site "Denmark"]
[Date "2002.11.17"]
[Round "2.7"]
[White "Sobjerg, Erik"]
[Black "Palm, Nikolaj"]
[Result "1/2-1/2"]
[WhiteElo "2251"]
[BlackElo "2252"]
[PlyCount "45"]
[EventDate "2002.11.03"]
[EventType "team-tourn"]
[EventRounds "7"]
[EventCountry "DEN"]
[WhiteTeam "SK 1968"]
[BlackTeam "Bronshoj"]
[WhiteTeamCountry "DEN"]
[BlackTeamCountry "DEN"]

1. e4 e5 2. Bc4 Nc6 3. Nc3 Nf6 4. d3 Bc5 5. f4 d6 6. Nf3 Bg4 7. Na4 Qe7 8. Nxc5
dxc5 9. Bb5 O-O 10. Bxc6 bxc6 11. fxe5 Nd7 12. O-O Nxe5 13. Qe1 Nxf3+ 14. gxf3
Bh3 15. Rf2 f5 16. Bd2 c4 17. f4 cxd3 18. Qe3 Qh4 19. cxd3 fxe4 20. dxe4 Rae8
21. Rc1 Rf6 22. Rf3 Bf5 23. e5 1/2-1/2

[Event "1 division 2002/03"]
[Site "Denmark"]
[Date "2002.12.01"]
[Round "1.3"]
[White "Bromann, Thorbjorn"]
[Black "Pedersen, Steffen"]
[Result "1/2-1/2"]
[WhiteElo "2366"]
[BlackElo "2443"]
[PlyCount "54"]
[EventDate "2002.11.03"]
[EventType "team-tourn"]
[EventRounds "7"]
[EventCountry "DEN"]
[WhiteTeam "Bronshoj"]
[BlackTeam "Helsinge"]
[WhiteTeamCountry "DEN"]
[BlackTeamCountry "DEN"]

1. e4 c5 2. Nf3 d6 3. d4 cxd4 4. Qxd4 Nc6 5. Bb5 Bd7 6. Bxc6 Bxc6 7. Nc3 Nf6 8.
Bg5 e6 9. O-O-O Be7 10. Rhe1 O-O 11. Qd2 Qc7 12. Nd4 Rfc8 13. f3 b5 14. g4 b4
15. Nce2 Qa5 16. Bxf6 Qxa2 17. Qxb4 Bxf6 18. Rd3 Be8 19. Ra3 Qc4 20. Qxc4 Rxc4
21. c3 a5 22. Kd2 Rcc8 23. Rea1 Rab8 24. b3 Bd8 25. Nc2 g6 26. Ne3 Bb6 27. Nd4
Bc5 1/2-1/2

[Event "1 division 2002/03"]
[Site "Denmark"]
[Date "2002.12.01"]
[Round "1.4"]
[White "Berg, Klaus"]
[Black "Brinck Claussen, Bjorn"]
[Result "1-0"]
[WhiteElo "2427"]
[BlackElo "2359"]
[PlyCount "47"]
[EventDate "2002.11.03"]
[EventType "team-tourn"]
[EventRounds "7"]
[EventCountry "DEN"]
[WhiteTeam "Helsinge"]
[BlackTeam "Bronshoj"]
[WhiteTeamCountry "DEN"]
[BlackTeamCountry "DEN"]

1. d4 d5 2. Bg5 h6 3. Bh4 c6 4. e3 Qb6 5. b3 e5 6. Nf3 e4 7. Nfd2 Be7 8. Bxe7
Nxe7 9. c4 Nd7 10. Nc3 Nf6 11. Be2 O-O 12. O-O Nf5 13. Qc2 Bd7 14. Rfc1 Rae8
15. Rab1 Qb4 16. a3 Qd6 17. b4 Nh4 18. cxd5 cxd5 19. Nb5 Bxb5 20. Bxb5 Ng4 21.
Qc7 Qg6 22. Bxe8 Ne5 23. Bxf7+ Rxf7 24. Qd8+ 1-0

[Event "1 division 2002/03"]
[Site "Denmark"]
[Date "2002.12.01"]
[Round "1.5"]
[White "Carstensen, Jacob"]
[Black "Hutters, Tomas"]
[Result "0-1"]
[WhiteElo "2256"]
[BlackElo "2392"]
[PlyCount "62"]
[EventDate "2002.11.03"]
[EventType "team-tourn"]
[EventRounds "7"]
[EventCountry "DEN"]
[WhiteTeam "Bronshoj"]
[BlackTeam "Helsinge"]
[WhiteTeamCountry "DEN"]
[BlackTeamCountry "DEN"]

1. d4 Nf6 2. c4 Nc6 3. Nf3 e6 4. a3 d6 5. Nc3 g6 6. e4 Bg7 7. Be2 O-O 8. d5 Nb8
9. h3 exd5 10. exd5 Re8 11. O-O Nbd7 12. Bg5 h6 13. Be3 Nc5 14. Bd4 a5 15. Rc1
a4 16. Bxc5 dxc5 17. Bd3 Nh5 18. Qd2 Qf6 19. Be4 Bxh3 20. gxh3 Rxe4 21. Nxe4
Qxf3 22. Qe3 Qf5 23. Ng3 Qxh3 24. Nxh5 Qxh5 25. Rc2 Bd4 26. Qe4 Ra6 27. Kg2 Rf6
28. Rh1 Qg5+ 29. Kf1 Rf4 30. Qe8+ Kg7 31. Qxa4 Qg3 0-1

[Event "1 division 2002/03"]
[Site "Denmark"]
[Date "2002.12.01"]
[Round "1.6"]
[White "Fries Nielsen, Niels Jorgen"]
[Black "Palm, Nikolaj"]
[Result "1/2-1/2"]
[WhiteElo "2379"]
[BlackElo "2252"]
[PlyCount "39"]
[EventDate "2002.11.03"]
[EventType "team-tourn"]
[EventRounds "7"]
[EventCountry "DEN"]
[WhiteTeam "Helsinge"]
[BlackTeam "Bronshoj"]
[WhiteTeamCountry "DEN"]
[BlackTeamCountry "DEN"]

1. d4 f5 2. Bg5 Nf6 3. e3 e6 4. Nd2 d5 5. f4 c5 6. c3 Bd6 7. Ngf3 O-O 8. Be2 b6
9. O-O a5 10. a4 Ba6 11. Ne5 Qe8 12. Bxa6 Rxa6 13. Qe2 Ra7 14. h3 Rc7 15. Qb5
Qxb5 16. axb5 cxd4 17. exd4 Ne4 18. Ndf3 h6 19. Bh4 Kh7 20. Bf2 1/2-1/2

[Event "1 division 2002/03"]
[Site "Denmark"]
[Date "2002.12.01"]
[Round "1.7"]
[White "Varberg, Kenneth"]
[Black "Bekker Jensen, Simon"]
[Result "1/2-1/2"]
[WhiteElo "2265"]
[BlackElo "2348"]
[PlyCount "40"]
[EventDate "2002.11.03"]
[EventType "team-tourn"]
[EventRounds "7"]
[EventCountry "DEN"]
[WhiteTeam "Bronshoj"]
[BlackTeam "Helsinge"]
[WhiteTeamCountry "DEN"]
[BlackTeamCountry "DEN"]

1. e4 c5 2. Nf3 d6 3. d4 Nf6 4. Nc3 cxd4 5. Nxd4 a6 6. Bg5 e6 7. f4 Be7 8. Qf3
Qc7 9. O-O-O Nbd7 10. g4 O-O 11. f5 b5 12. fxe6 Ne5 13. Qg3 fxe6 14. Bxf6 Bxf6
15. g5 Bd8 16. Bh3 Qe7 17. Kb1 Bd7 18. Nce2 Re8 19. Nf4 Qxg5 20. Nfxe6 Qxg3
1/2-1/2

[Event "1 division 2002/03"]
[Site "Denmark"]
[Date "2002.12.08"]
[Round "1.2"]
[White "Aagaard, Jacob"]
[Black "Ost Hansen, Jacob"]
[Result "1/2-1/2"]
[WhiteElo "2371"]
[BlackElo "2425"]
[PlyCount "51"]
[EventDate "2002.11.03"]
[EventType "team-tourn"]
[EventRounds "7"]
[EventCountry "DEN"]
[WhiteTeam "K41"]
[BlackTeam "Sydkysten"]
[WhiteTeamCountry "DEN"]
[BlackTeamCountry "DEN"]

1. e4 c5 2. Nf3 e6 3. c3 d5 4. e5 Nc6 5. d4 Bd7 6. Be2 Nge7 7. O-O Rc8 8. Na3
cxd4 9. cxd4 a6 10. Nc2 Nf5 11. h3 Be7 12. g4 Nh4 13. Nxh4 Bxh4 14. f4 Be7 15.
Kg2 O-O 16. Be3 f6 17. exf6 Rxf6 18. Bd3 g6 19. g5 Rf7 20. h4 Bf8 21. Ne1 Bg7
22. h5 Ne7 23. h6 Bf8 24. Qb3 Nf5 25. Bxf5 Rxf5 26. a4 1/2-1/2

[Event "1 division 2002/03"]
[Site "Denmark"]
[Date "2002.12.08"]
[Round "1.3"]
[White "Larsen, Steen Skovlund"]
[Black "Greger, Roland Reinhard"]
[Result "1/2-1/2"]
[WhiteElo "2318"]
[BlackElo "2359"]
[PlyCount "58"]
[EventDate "2002.11.03"]
[EventType "team-tourn"]
[EventRounds "7"]
[EventCountry "DEN"]
[WhiteTeam "Sydkysten"]
[BlackTeam "K41"]
[WhiteTeamCountry "DEN"]
[BlackTeamCountry "DEN"]

1. d4 Nf6 2. c4 c5 3. Nf3 cxd4 4. Nxd4 e5 5. Nc2 d5 6. cxd5 Qxd5 7. Qxd5 Nxd5
8. g3 Be6 9. Bg2 Nc6 10. O-O Bc5 11. Rd1 Rd8 12. Bd2 f6 13. a3 Kf7 14. Nc3 Nxc3
15. Bxc3 Bb3 16. Rdc1 Bb6 17. Nb4 Na5 18. Nd3 Nc6 19. Nb4 Nxb4 20. Bxb4 Rd7 21.
e3 Rhd8 22. Bh3 Be6 23. Bxe6+ Kxe6 24. Kf1 h5 25. h3 Rd3 26. Ke2 g5 27. g4 f5
28. gxf5+ Kxf5 29. Rc4 R3d7 1/2-1/2

[Event "1 division 2002/03"]
[Site "Denmark"]
[Date "2002.12.08"]
[Round "1.4"]
[White "Lund, Silas"]
[Black "Ejsing, Esben"]
[Result "1-0"]
[WhiteElo "2329"]
[BlackElo "2311"]
[PlyCount "67"]
[EventDate "2002.11.03"]
[EventType "team-tourn"]
[EventRounds "7"]
[EventCountry "DEN"]
[WhiteTeam "K41"]
[BlackTeam "Sydkysten"]
[WhiteTeamCountry "DEN"]
[BlackTeamCountry "DEN"]

1. d4 Nf6 2. c4 e6 3. g3 c5 4. Nf3 cxd4 5. Nxd4 Nc6 6. Bg2 Bc5 7. Nb3 Be7 8.
O-O d5 9. cxd5 Nxd5 10. Nc3 Nxc3 11. bxc3 O-O 12. Be3 Qc7 13. Nd4 Ne5 14. Nb5
Qa5 15. Qb3 Bd7 16. a4 Ng4 17. Bxa7 Rxa7 18. Nxa7 Qxa7 19. Qxb7 Bc5 20. e3 Ne5
21. Qxa7 Bxa7 22. Rfb1 Bc6 23. Bxc6 Nxc6 24. Rb7 Rc8 25. Rd1 Bc5 26. Rdd7 Nd8
27. Rbc7 Rxc7 28. Rxc7 Bb6 29. Rc8 Kf8 30. Ra8 Ke7 31. a5 Bc5 32. Rc8 Bd6 33.
a6 Kd7 34. Rxd8+ 1-0

[Event "1 division 2002/03"]
[Site "Denmark"]
[Date "2002.12.08"]
[Round "1.6"]
[White "Hartung Nielsen, Jens"]
[Black "Strange, Mikkel"]
[Result "1-0"]
[WhiteElo "2224"]
[BlackElo "2252"]
[PlyCount "91"]
[EventDate "2002.11.03"]
[EventType "team-tourn"]
[EventRounds "7"]
[EventCountry "DEN"]
[WhiteTeam "K41"]
[BlackTeam "Sydkysten"]
[WhiteTeamCountry "DEN"]
[BlackTeamCountry "DEN"]

1. d4 d5 2. Nf3 e6 3. Bg5 f6 4. Bf4 c5 5. e3 Qb6 6. Qc1 Nc6 7. c3 Nge7 8. Bd3
Ng6 9. Bxg6+ hxg6 10. O-O g5 11. Bg3 Be7 12. Qc2 f5 13. Ne5 Bf6 14. Nd2 Bxe5
15. dxe5 Bd7 16. a3 O-O-O 17. c4 d4 18. b4 Rdf8 19. bxc5 Qc7 20. f4 dxe3 21.
Nf3 gxf4 22. Bxf4 g5 23. Nxg5 Rfg8 24. Qc3 e2 25. Rf2 Rh4 26. Qe3 Qa5 27. Rxe2
Rg4 28. Rd1 Rg7 29. h3 Rh4 30. Kh2 Qa4 31. Rd6 Qxc4 32. g3 Rh5 33. Red2 Qf1 34.
h4 Rh8 35. Nxe6 Bxe6 36. Rxe6 Rg4 37. Rh6 Rxh6 38. Bxh6 f4 39. Bxf4 Qc4 40. e6
Ne7 41. Qe5 Rxf4 42. Qh8+ Kc7 43. Qd8+ Kc6 44. Qd7+ Kxc5 45. Qxe7+ Kb6 46. Qd6+
1-0

[Event "1 division 2002/03"]
[Site "Denmark"]
[Date "2002.12.08"]
[Round "1.7"]
[White "Pedersen, Hans Dahl"]
[Black "Brondum, Eric"]
[Result "1/2-1/2"]
[WhiteElo "2211"]
[BlackElo "2212"]
[PlyCount "89"]
[EventDate "2002.11.03"]
[EventType "team-tourn"]
[EventRounds "7"]
[EventCountry "DEN"]
[WhiteTeam "Sydkysten"]
[BlackTeam "K41"]
[WhiteTeamCountry "DEN"]
[BlackTeamCountry "DEN"]

1. c4 Nf6 2. g3 e6 3. Bg2 d5 4. Nf3 c6 5. b3 Bd6 6. Bb2 Nbd7 7. d3 e5 8. Nbd2
O-O 9. O-O Re8 10. e4 d4 11. Qe2 a5 12. Nh4 Nc5 13. h3 a4 14. b4 a3 15. Bc1 Na4
16. c5 Bf8 17. Nc4 b6 18. f4 exf4 19. Bxf4 bxc5 20. bxc5 Nxc5 21. Bg5 Be7 22.
Nf5 Bxf5 23. Rxf5 Ne6 24. Bxf6 gxf6 25. Raf1 Ng7 26. Qg4 Kh8 27. R5f2 Rg8 28.
Qf3 Rb8 29. e5 f5 30. Qxc6 Nh5 31. g4 fxg4 32. hxg4 Rxg4 33. Rxf7 Bg5 34. Qf3
Rh4 35. Qf5 Qg8 36. Rf8 Rxf8 37. Qxf8 Nf4 38. Qxg8+ Kxg8 39. Be4 Rh3 40. Kf2
Bh4+ 41. Kg1 Rg3+ 42. Kh2 Rh3+ 43. Kg1 Rg3+ 44. Kh2 Rh3+ 45. Kg1 1/2-1/2

[Event "1 division 2002/03"]
[Site "Denmark"]
[Date "2002.12.08"]
[Round "1.8"]
[White "Jorgensen, Brian"]
[Black "Pedersen, Henrik Dahl"]
[Result "0-1"]
[WhiteElo "2255"]
[BlackElo "2242"]
[PlyCount "76"]
[EventDate "2002.11.03"]
[EventType "team-tourn"]
[EventRounds "7"]
[EventCountry "DEN"]
[WhiteTeam "K41"]
[BlackTeam "Sydkysten"]
[WhiteTeamCountry "DEN"]
[BlackTeamCountry "DEN"]

1. d4 d5 2. c4 c6 3. Nf3 Nf6 4. Nc3 g6 5. Bf4 Nbd7 6. cxd5 Nxd5 7. Nxd5 cxd5 8.
Qc2 Qa5+ 9. Bd2 Qb6 10. Rc1 e6 11. e3 Bd6 12. Qxc8+ Rxc8 13. Rxc8+ Ke7 14. Rxh8
Qxb2 15. Rc8 Qxa2 16. Bd3 Nb6 17. Rc1 Nc4 18. Bc3 b5 19. O-O b4 20. Ra1 Qb3 21.
Rxa7+ Kf6 22. Bxc4 dxc4 23. Nd2 Qc2 24. d5+ bxc3 25. Nxc4 Bb8 26. Raa1 Qb3 27.
Na3 Bd6 28. Nb1 Qxd5 29. Nxc3 Qe5 30. Rfc1 Qxh2+ 31. Kf1 Qh1+ 32. Ke2 Qxg2 33.
Ra4 Kg7 34. Ne4 Be5 35. Rc5 Bh2 36. Rg5 Qh3 37. Rb5 Qg4+ 38. Kd3 Qd1+ 0-1

[Event "1 division 2002/03"]
[Site "Denmark"]
[Date "2003.01.12"]
[Round "4.1"]
[White "Hoi, Carsten"]
[Black "Aagaard, Jacob"]
[Result "1/2-1/2"]
[WhiteElo "2412"]
[BlackElo "2371"]
[PlyCount "36"]
[EventDate "2002.11.03"]
[EventType "team-tourn"]
[EventRounds "7"]
[EventCountry "DEN"]
[WhiteTeam "Bronshoj"]
[BlackTeam "K41"]
[WhiteTeamCountry "DEN"]
[BlackTeamCountry "DEN"]

1. d4 Nf6 2. Nf3 g6 3. c4 Bg7 4. Nc3 O-O 5. Bg5 d6 6. e4 h6 7. Bh4 Na6 8. Be2
e5 9. d5 Qe8 10. Nd2 Nh7 11. g4 f5 12. gxf5 gxf5 13. Rg1 Nf6 14. Qc2 Nh5 15.
Bg3 Kh8 16. O-O-O Nb4 17. Qb3 Na6 18. Qc2 Nb4 1/2-1/2

[Event "1 division 2002/03"]
[Site "Denmark"]
[Date "2003.01.12"]
[Round "4.2"]
[White "Greger, Roland Reinhard"]
[Black "Bromann, Thorbjorn"]
[Result "1/2-1/2"]
[WhiteElo "2359"]
[BlackElo "2366"]
[PlyCount "30"]
[EventDate "2002.11.03"]
[EventType "team-tourn"]
[EventRounds "7"]
[EventCountry "DEN"]
[WhiteTeam "K41"]
[BlackTeam "Bronshoj"]
[WhiteTeamCountry "DEN"]
[BlackTeamCountry "DEN"]

1. e4 e6 2. d4 d5 3. Nd2 c5 4. Ngf3 cxd4 5. exd5 Qxd5 6. Bc4 Qd6 7. O-O Nf6 8.
Qe2 Nc6 9. Nb3 a6 10. a4 Be7 11. Rd1 e5 12. h3 Qc7 13. Re1 O-O 14. Nxe5 Nxe5
15. Qxe5 Qxc4 1/2-1/2

[Event "1 division 2002/03"]
[Site "Denmark"]
[Date "2003.01.12"]
[Round "4.3"]
[White "Brinck Claussen, Bjorn"]
[Black "Lund, Silas"]
[Result "0-1"]
[WhiteElo "2359"]
[BlackElo "2329"]
[PlyCount "36"]
[EventDate "2002.11.03"]
[EventType "team-tourn"]
[EventRounds "7"]
[EventCountry "DEN"]
[WhiteTeam "Bronshoj"]
[BlackTeam "K41"]
[WhiteTeamCountry "DEN"]
[BlackTeamCountry "DEN"]

1. e4 e6 2. d4 d5 3. Nd2 Be7 4. Bd3 c5 5. dxc5 Nf6 6. Qe2 Nc6 7. Ngf3 O-O 8.
O-O Bxc5 9. a3 a5 10. e5 Nd7 11. c4 f6 12. Nb3 Bb6 13. cxd5 exd5 14. Qc2 Ndxe5
15. Bxh7+ Kh8 16. Bd3 Nxf3+ 17. gxf3 a4 18. Nd2 Bh3 0-1

[Event "1 division 2002/03"]
[Site "Denmark"]
[Date "2003.01.12"]
[Round "4.4"]
[White "Schmidt, Kristen"]
[Black "Skousen, Nikolai"]
[Result "1-0"]
[WhiteElo "2335"]
[BlackElo "2265"]
[PlyCount "73"]
[EventDate "2002.11.03"]
[EventType "team-tourn"]
[EventRounds "7"]
[EventCountry "DEN"]
[WhiteTeam "K41"]
[BlackTeam "Bronshoj"]
[WhiteTeamCountry "DEN"]
[BlackTeamCountry "DEN"]

1. e4 g6 2. d4 Bg7 3. Nc3 d6 4. Nf3 c6 5. a4 d5 6. h3 dxe4 7. Nxe4 Nd7 8. Bc4
Ngf6 9. Nxf6+ Nxf6 10. Bf4 O-O 11. O-O Nd5 12. Bh2 Bd7 13. Re1 e6 14. Bd6 Re8
15. c3 b5 16. Bb3 a5 17. Ne5 Bf8 18. Bxf8 Rxf8 19. axb5 cxb5 20. Bxd5 exd5 21.
Qb3 Be8 22. Re3 b4 23. cxb4 a4 24. Qc3 Rc8 25. Qd2 Qb6 26. Rae1 Bb5 27. Rc3 f6
28. Ng4 Rxc3 29. Qxc3 Bc4 30. Re7 Qd6 31. Nh6+ Kh8 32. Nf7+ Rxf7 33. Rxf7 Qe6
34. Ra7 Qe2 35. Qe3 Qf1+ 36. Kh2 Bb5 37. Qe7 1-0

[Event "1 division 2002/03"]
[Site "Denmark"]
[Date "2003.01.12"]
[Round "4.6"]
[White "Hartung Nielsen, Jens"]
[Black "Palm, Nikolaj"]
[Result "1/2-1/2"]
[WhiteElo "2224"]
[BlackElo "2252"]
[PlyCount "90"]
[EventDate "2002.11.03"]
[EventType "team-tourn"]
[EventRounds "7"]
[EventCountry "DEN"]
[WhiteTeam "K41"]
[BlackTeam "Bronshoj"]
[WhiteTeamCountry "DEN"]
[BlackTeamCountry "DEN"]

1. d4 d5 2. c4 e6 3. Nc3 c6 4. Bf4 dxc4 5. e3 b5 6. a4 Qb6 7. axb5 cxb5 8. Qf3
Bb7 9. Qg3 Na6 10. Be2 Ne7 11. e4 Ng6 12. Nf3 Bb4 13. e5 Nc7 14. Bd2 Rd8 15.
O-O a5 16. Rad1 Nd5 17. h4 h5 18. Bg5 Nde7 19. Bxe7 Bxe7 20. Ng5 b4 21. Na4 Qc6
22. Nc5 Qxg2+ 23. Qxg2 Bxg2 24. Kxg2 Nxh4+ 25. Kh3 Bxg5 26. Bxc4 Ng6 27. Nb7
Ra8 28. b3 Ra7 29. Nd6+ Kf8 30. Ra1 Bd8 31. Ra4 h4 32. f4 Ne7 33. f5 Nxf5 34.
Nxf5 exf5 35. Rxf5 g6 36. Rf3 Kg7 37. d5 Bb6 38. e6 fxe6 39. dxe6 Bc5 40. Rf7+
Rxf7 41. exf7 Bb6 42. Ra2 Bd8 43. Re2 Bf6 44. Re8 Rf8 45. Kg4 Bd8 1/2-1/2

[Event "1 division 2002/03"]
[Site "Denmark"]
[Date "2003.01.12"]
[Round "4.7"]
[White "Varberg, Kenneth"]
[Black "Brondum, Eric"]
[Result "1/2-1/2"]
[WhiteElo "2265"]
[BlackElo "2212"]
[PlyCount "55"]
[EventDate "2002.11.03"]
[EventType "team-tourn"]
[EventRounds "7"]
[EventCountry "DEN"]
[WhiteTeam "Bronshoj"]
[BlackTeam "K41"]
[WhiteTeamCountry "DEN"]
[BlackTeamCountry "DEN"]

1. c4 Nf6 2. Nc3 g6 3. g3 Bg7 4. Bg2 d6 5. e4 O-O 6. Nge2 e5 7. O-O Be6 8. d3
Qd7 9. Rb1 a5 10. b3 Bh3 11. d4 Bxg2 12. Kxg2 exd4 13. Nxd4 Nc6 14. Nxc6 Qxc6
15. f3 h6 16. Bb2 Rfe8 17. Nd5 Nxd5 18. Qxd5 Bxb2 19. Rxb2 Re5 20. Qxc6 bxc6
21. Kf2 c5 22. a3 Rb8 23. Rfb1 Kf8 24. h4 Ke8 25. Re2 Kd7 26. Ke3 f5 27. Kd3
fxe4+ 28. fxe4 1/2-1/2

[Event "1 division 2002/03"]
[Site "Denmark"]
[Date "2003.01.12"]
[Round "4.1"]
[White "Nielsen, Peter Heine"]
[Black "Ost Hansen, Jacob"]
[Result "1-0"]
[WhiteElo "2620"]
[BlackElo "2425"]
[PlyCount "79"]
[EventDate "2002.11.03"]
[EventType "team-tourn"]
[EventRounds "7"]
[EventCountry "DEN"]
[WhiteTeam "Helsinge"]
[BlackTeam "Sydkysten"]
[WhiteTeamCountry "DEN"]
[BlackTeamCountry "DEN"]

1. d4 Nf6 2. Nf3 g6 3. c4 Bg7 4. Nc3 O-O 5. e4 d6 6. Be2 e5 7. O-O Nc6 8. d5
Ne7 9. Ne1 Ne8 10. Be3 f5 11. f3 f4 12. Bf2 g5 13. c5 Bf6 14. a4 Kh8 15. Nb5 a6
16. cxd6 cxd6 17. Na3 Bd7 18. Qb3 Qb8 19. Nc4 Nc8 20. Na5 b6 21. Nc6 Qb7 22.
Nd3 Rg8 23. h3 h5 24. Rfc1 g4 25. fxg4 hxg4 26. hxg4 Rg6 27. Ra3 Rh6 28. Bf3
Bxc6 29. Rxc6 Qh7 30. Kf1 Bd8 31. Qc2 Ne7 32. Bxb6 Bxb6 33. Rxb6 Rh1+ 34. Ke2
Nxd5 35. exd5 e4 36. Qc3+ Kg8 37. Nf2 exf3+ 38. gxf3 Qe7+ 39. Ne4 Qh4 40. Kd3 {
TIME} 1-0

[Event "1 division 2002/03"]
[Site "Denmark"]
[Date "2003.01.12"]
[Round "4.2"]
[White "Larsen, Steen Skovlund"]
[Black "Schandorff, Lars"]
[Result "1/2-1/2"]
[WhiteElo "2318"]
[BlackElo "2546"]
[PlyCount "31"]
[EventDate "2002.11.03"]
[EventType "team-tourn"]
[EventRounds "7"]
[EventCountry "DEN"]
[WhiteTeam "Sydkysten"]
[BlackTeam "Helsinge"]
[WhiteTeamCountry "DEN"]
[BlackTeamCountry "DEN"]

1. Nf3 Nf6 2. c4 b6 3. g3 c5 4. Bg2 Bb7 5. Nc3 g6 6. O-O Bg7 7. d4 cxd4 8. Qxd4
Nc6 9. Qh4 h6 10. Qf4 Qb8 11. Qe3 e6 12. Qd3 g5 13. Nb5 O-O 14. Nd6 Ng4 15.
Nxb7 Qxb7 16. h3 1/2-1/2

[Event "1 division 2002/03"]
[Site "Denmark"]
[Date "2003.01.12"]
[Round "4.4"]
[White "Larsen, Peter"]
[Black "Pedersen, Steffen"]
[Result "1/2-1/2"]
[WhiteElo "2277"]
[BlackElo "2443"]
[PlyCount "46"]
[EventDate "2002.11.03"]
[EventType "team-tourn"]
[EventRounds "7"]
[EventCountry "DEN"]
[WhiteTeam "Sydkysten"]
[BlackTeam "Helsinge"]
[WhiteTeamCountry "DEN"]
[BlackTeamCountry "DEN"]

1. e4 c5 2. Nf3 d6 3. c3 Nf6 4. Bd3 Bd7 5. O-O Bc6 6. Re1 g6 7. Bc2 Bg7 8. d4
O-O 9. d5 Bd7 10. h3 Na6 11. e5 dxe5 12. Nxe5 Bc8 13. c4 Ne8 14. Ng4 Nd6 15.
Qe2 Nb4 16. Bb3 h5 17. Ne5 Bxe5 18. Qxe5 Nd3 19. Qc3 Nxe1 20. Bh6 Nf5 21. Bxf8
Qxf8 22. Qxe1 Qg7 23. Nc3 Bd7 1/2-1/2

[Event "1 division 2002/03"]
[Site "Denmark"]
[Date "2003.01.12"]
[Round "4.5"]
[White "Berg, Klaus"]
[Black "Strange, Mikkel"]
[Result "1/2-1/2"]
[WhiteElo "2427"]
[BlackElo "2252"]
[PlyCount "63"]
[EventDate "2002.11.03"]
[EventType "team-tourn"]
[EventRounds "7"]
[EventCountry "DEN"]
[WhiteTeam "Helsinge"]
[BlackTeam "Sydkysten"]
[WhiteTeamCountry "DEN"]
[BlackTeamCountry "DEN"]

1. d4 d5 2. Bg5 c6 3. e3 Qb6 4. b3 Bf5 5. Nf3 e6 6. Bd3 Bxd3 7. Qxd3 Nd7 8. O-O
Be7 9. Bxe7 Nxe7 10. c4 O-O 11. Nc3 Rfd8 12. Rfc1 Rac8 13. Rab1 h6 14. h3 a6
15. b4 Qa7 16. a4 Qb8 17. a5 e5 18. cxd5 cxd5 19. Qd1 Rc6 20. Na4 Rxc1 21. Qxc1
Nc6 22. Qb2 exd4 23. Nxd4 Nde5 24. Nc5 Nxd4 25. Qxd4 Nc6 26. Qb2 d4 27. exd4
Rxd4 28. b5 axb5 29. Qxb5 Qe5 30. Qb6 Rd5 31. Nxb7 Nxa5 32. Nxa5 1/2-1/2